Guía de Tirano Banderas

Guardado en:
書目詳細資料
主要作者: Díaz Migoyo, Gonzalo
格式: 圖書
語言:Undetermined
出版: Madrid, España Fundamentos 1985
主題:
標簽: 添加標簽
沒有標簽, 成為第一個標記此記錄!

MARC

LEADER 00000nam a2200000Ia 4500
008 170316s9999 xx 000 0 und d
040 |a cru BVZT 
090 |a 862 D-5g 
100 |a Díaz Migoyo, Gonzalo 
245 |a Guía de Tirano Banderas 
260 |a Madrid, España 
260 |b Fundamentos 
260 |c 1985 
300 |a 300 páginas 
650 |a LITERATURA ESPAÑOLA 
999 |c 9800  |d 9800 
942 |c 15 D  |h 862 D-5g  |2 z